00812nam a2200265 a 4500003000400000005001700004008004100021040002400062041000800086082001800094100001800112245011100130250001100241260006400252300001000316440004000326653002300366653003500389700002000424700002200444700001700466700001600483700002900499856001800528OSt20131016192002.0131016s2004 ag ||||| |||| 00| 0 spa d cBiblioteca Medicina aspa bCONGRESOS 0531 aRamos, Silvia00aSeminario II: Mortalidad materna en la Argentina, diagnostico para la reorientacion de politicas y normas. a1ยบ ed aBuenos AiresbCentro de Estudios de Estado y Sociedadc2004 a59 p. 0aSeminarios Salud y Politica Publica aMORTALIDAD MATERNA aOBSTETRICIA-PROGRAMAS MATERNOS1 aRomero, Mariana1 aKarolinski, Ariel1 aMercer, Raul1 aInsua, Ivan1 adel Rio Fortuna, Cynthia awww.cedes.org